00556cam a2200193 a 45000010008000000030006000080050017000140080041000310100017000720200015000890400018001040500022001220820019001441000023001632450082001862600030002683000021002986500043003191123977GBCCL20241126110532.0940323s1994 mou 000 0 eng  a 94013495  a0570046556 aDLCcDLCdDLC00aBV4811b.N64 199400a242.2220bNOR1 aNorden, Rudolph F.10aEach day with Jesus :bdaily devotions through the year /cRudolph F. Norden. aSt. Louis :bCPH,cc1994. a362 p. ;c23 cm. 0aDevotional calendarsxLutheran Church.